Movies Quiz

Random Movies or Clickable Quiz

Amazon Movie Reviews Quiz Stats

 Plays Quiz Updated Feb 10, 2016

Challenge
Share
Tweet
Embed
Score 0/20 Timer 08:00
4 Plays Today
% Correct
Mary Poppins
97.6%
Titanic
97.3%
Black Swan
97.3%
Back to the Future II
97.3%
The Wolf of Wall Street
97%
Free Willy
96.8%
Frozen
96%
Rise of the Planet of the Apes
95.8%
Cloudy With a Chance of Meatballs
95.5%
The Dark Knight
94.9%
% Correct
Boyhood
92.3%
West Side Story
92.2%
Birdman
90.8%
Toy Story 3
90.3%
The Shining
90.1%
Cujo
89.7%
The Blair Witch Project
84.1%
Maleficent
80.8%
Captain America: The Winter Soldier
79.7%
Zodiac
77.3%

You're not logged in!

Compare scores with friends on all Sporcle quizzes.
Join for Free
OR
Log In

You Might Also Like...

Show Comments

Extras

Top Quizzes Today


Score Distribution

Your Account Isn't Verified!

In order to create a playlist on Sporcle, you need to verify the email address you used during registration. Go to your Sporcle Settings to finish the process.

Report this User

Report this user for behavior that violates our Community Guidelines.

Details: